00573nam a2200169Ia 4500008004100000041000800041082001500049100002100064245002700085260003200112300000800144365001600152700002100168906003100189999001900220952016400239230718s9999 xx 000 0 und d aeng a604.2bKUM aKumar A.9111386 aEngineering Graphics I c2004bTech Max Publications a838 cRs.b395.00 aKumar A.9111386 dB:1970701-Mar-2004cALLEDS c306883d306883 01104070aCCEPbCCEPd2004-03-03ePradeep Book DistributorsfALLEDSg395.00i19707o604.2pCCEP-BK-18090r2023-07-18 00:00:00v395.00w2004-03-01yBKz018090